| 000 | 00801nmm a2200277 a 4500 | ||
|---|---|---|---|
| 003 | AR-BaBNM | ||
| 005 | 20251128205421.0 | ||
| 008 | 107119s1987 ||||||||||||||000 | spa|| | ||
| 020 | _a950-05-0457-9 | ||
| 040 | _cAR-BaBNM | ||
| 100 | 1 |
_aBattistessa, Angel J. _d1902-1993 |
|
| 245 | 1 | 0 |
_aRicardo Güiraldes _ben la huella espiritual y expresiva de un argentino : 1886-1986 |
| 260 |
_aBuenos Aires _bEdiciones Corregidor _c1987 |
||
| 300 | 0 |
_a129 p. _bil. |
|
| 600 | 1 | 4 |
_aGüiraldes, Ricardo _d1886-1927 |
| 650 | 4 | _aLITERATURA ARGENTINA | |
| 650 | 4 | _aCRITICA LITERARIA | |
| 650 | 4 | _aBIOGRAFIAS | |
| 650 | 4 | _aESCRITORES | |
| 653 | 0 | _aLITERATURA GAUCHESCA | |
| 653 | 0 | _aVANGUARDIAS LITERARIAS | |
| 653 | 0 | _aLITERATURA DE VIAJES | |
| 655 | _aLITERATURA | ||
| 942 | _cBK | ||
| 998 | _cMARTIN | ||
| 999 |
_c11359 _d11359 |
||